=LDR 00000nam 2200000 4500 =001 INLIS000000000035055 =005 20130612140935 =008 ***********************************Ind** =035 ##$$a0010-061300000035055 =041 ##$$a Ind =082 ##$$a 811 =090 ##$$a 811, Dja a =100 ##$$a Djaya, Sjuman =245 ##$$a Aku, Berdasarkan perjalanan hidup dan karya penyair Chairil Anwar, Sjuman Djaya =260 ##$$a 2003 $b Jakarta =300 ##$$a xii, 155 hlm, 19 cm =650 ##$$a Sastra Indonesia =850 ##$$a NBPNMAT =990 ##$$a 93499/BPAP-NTB/2014